[Event "XVI Torneo di Capodanno"]
[Site "Reggio nell'Emilia ITA"]
[Date "1973.12.27"]
[Round "1"]
[White "Paoli, Enrico"]
[Black "Sax, Gyula"]
[Result "0-1"]
[WhiteElo "2290"]
[BlackElo "2460"]
[PlyCount "76"]
[EventDate "1973.12.27"]

1. e4 e5 2. Nf3 d6 3. d4 exd4 4. Nxd4 g6 5. Bc4 Bg7 6. O-O Nf6 7. Nc3 O-O 8.
Bg5 h6 9. Bh4 Nc6 10. Nxc6 bxc6 11. f4 Qe8 12. Qf3 Rb8 13. Rae1 Nd7 14. Nd1 Kh7
15. c3 Nb6 16. Bd3 Qe6 17. f5 Qxa2 18. Be7 Re8 19. Bf6 Bxf6 20. fxg6+ fxg6 21.
Qxf6 Nd7 22. Qd4 Ne5 23. Be2 c5 24. Qd2 Bd7 25. Rf4 g5 26. Rf6 Ba4 27. Rf2 Rf8
28. Rxf8 Rxf8 29. Ne3 Rb8 30. Nc4 Bc6 31. Nxe5 dxe5 32. Qe3 Rxb2 33. Qxc5 Qe6
34. Bc4 Qd6 35. Qe3 Qd2 36. Qg3 Qf4 37. Rf1 Qxg3 38. hxg3 Bxe4 0-1

[Event "XVI Torneo di Capodanno"]
[Site "Reggio nell'Emilia ITA"]
[Date "1973.12.28"]
[Round "2"]
[White "Toth, Bela"]
[Black "Paoli, Enrico"]
[Result "1-0"]
[WhiteElo "2390"]
[BlackElo "2290"]
[PlyCount "143"]
[EventDate "1973.12.27"]

1. d4 d5 2. c4 c6 3. Nc3 Nf6 4. Nf3 e6 5. e3 Nbd7 6. Bd3 Bd6 7. e4 dxe4 8. Nxe4
Nxe4 9. Bxe4 e5 10. O-O exd4 11. Bg5 f6 12. Bh4 O-O 13. Qc2 h6 14. Nxd4 Nc5 15.
Bh7+ Kh8 16. Rad1 Qc7 17. Bg3 Bxg3 18. hxg3 Ne6 19. Rfe1 Ng5 20. Bg6 Bg4 21. f3
c5 22. Ne2 Bd7 23. Nf4 Bc6 24. Re3 Rad8 25. Red3 Kg8 26. Kh2 a6 27. b3 Rxd3 28.
Qxd3 Qe7 29. Nd5 Bxd5 30. Qxd5+ Kh8 31. Qd6 Qxd6 32. Rxd6 Rb8 33. f4 Nh7 34.
Bxh7 Kxh7 35. Rb6 f5 36. g4 fxg4 37. Kg3 h5 38. Kh4 Rf8 39. Kg5 Rf7 40. g3 a5
41. f5 h4 42. Kxh4 Rxf5 43. Rxb7 Rf2 44. a4 Kg6 45. Kxg4 Rd2 46. Rb5 Rd4+ 47.
Kf3 Kf6 48. Ke3 Rg4 49. Kf3 Rd4 50. Rxc5 Rd3+ 51. Kf4 Rxb3 52. Rxa5 Rb4 53.
Ra6+ Kf7 54. Rc6 Rxa4 55. Kf5 Ra3 56. Rc7+ Kg8 57. g4 Kh7 58. c5 Rf3+ 59. Ke5
Re3+ 60. Kd4 Rg3 61. Rd7 Rxg4+ 62. Kd5 Rg1 63. c6 Rd1+ 64. Ke6 Re1+ 65. Kd6
Rd1+ 66. Ke7 Rc1 67. Rd6 Rc2 68. Kd7 g6 69. c7 Rxc7+ 70. Kxc7 Kh6 71. Rd5 g5
72. Kd6 1-0

[Event "XVI Torneo di Capodanno"]
[Site "Reggio nell'Emilia ITA"]
[Date "1973.12.30"]
[Round "4"]
[White "Toth, Bela"]
[Black "Mednis, Edmar John"]
[Result "1-0"]
[WhiteElo "2390"]
[BlackElo "2430"]
[PlyCount "107"]
[EventDate "1973.12.27"]

1. d4 Nf6 2. c4 e6 3. Nc3 Bb4 4. Qc2 c5 5. dxc5 O-O 6. Bf4 Na6 7. Bd6 Re8 8. a3
Bxc5 9. Bxc5 Nxc5 10. b4 Na6 11. Rd1 d5 12. e3 Nc7 13. cxd5 exd5 14. Nf3 Qe7
15. Nd4 a5 16. Qb2 axb4 17. axb4 Qe5 18. Be2 Bd7 19. O-O Rec8 20. Ra1 Ng4 21.
Nf3 Qf6 22. h3 Nh6 23. Rxa8 Nxa8 24. Nd4 Nb6 25. Qb3 Qg5 26. Nf3 Qd8 27. Rd1
Be6 28. Nd4 Qg5 29. Nxe6 fxe6 30. Ne4 Qe7 31. Nc5 Rf8 32. e4 Kh8 33. Bf3 Ng8
34. exd5 exd5 35. Bxd5 Nxd5 36. Qxd5 b6 37. Ne6 Rf6 38. Ng5 h6 39. Ne4 Rf4 40.
Rd4 Qf8 41. Qe5 Rf5 42. Qc7 b5 43. f3 Qa8 44. Rd8 Qa1+ 45. Kh2 Qa3 46. Qc8 Re5
47. Qc7 Rf5 48. Qc8 Re5 49. Qg4 Re7 50. Qg6 Qa7 51. Nd6 Qc7 52. Rc8 Qd7 53. Rf8
Qe6 54. Nf7+ 1-0

[Event "XVI Torneo di Capodanno"]
[Site "Reggio nell'Emilia ITA"]
[Date "1974.01.03"]
[Round "8"]
[White "Paoli, Enrico"]
[Black "Micheli, Carlo"]
[Result "1-0"]
[WhiteElo "2290"]
[BlackElo "2315"]
[PlyCount "113"]
[EventDate "1973.12.27"]

1. e4 g6 2. d4 Bg7 3. Nf3 d6 4. Nc3 Nf6 5. h3 c6 6. a4 a5 7. Be3 O-O 8. Qd2 e5
9. Rd1 Qe7 10. d5 Ne8 11. Bc4 Kh8 12. Nh2 f5 13. f3 Nd7 14. Bg5 Ndf6 15. g4 Qc7
16. O-O Bd7 17. Kg2 Ng8 18. dxc6 bxc6 19. Bxg8 Rxg8 20. Be7 Bf8 21. Bxf8 Rxf8
22. Qh6 Nf6 23. Qd2 Ne8 24. Qh6 Rf6 25. Qd2 Rb8 26. b3 Be6 27. Rf2 Rb4 28. Qe1
Rf8 29. Rfd2 Qe7 30. Qe3 Rb7 31. Rd3 Kg8 32. Qd2 Rd7 33. Qe3 Qd8 34. Qd2 Kg7
35. Kh1 Qh4 36. Qg2 Kh8 37. R3d2 h5 38. gxf5 gxf5 39. Qg6 Qf6 40. Qxf6+ Rxf6
41. exf5 Bxf5 42. Ne4 Rg6 43. Rg2 Rxg2 44. Kxg2 d5 45. Ng3 Bxc2 46. Rc1 Bxb3
47. Rxc6 Nd6 48. Nxh5 d4 49. Ng4 Bd5 50. Rc5 Nb7 51. Rc8+ Rd8 52. Rc7 Nd6 53.
Nhf6 Bf7 54. Nxe5 Kg7 55. Nh5+ Kh6 56. Nf4 Bb3 57. h4 1-0